000
00312nam a2200121Ia 4500
003
OSt
008
201103b ||||| |||| 00| 0 eng d
100
_a
BARRINGER, Bruce R.
245
_a
Entrepreneurship Successfully Launching New Ventures
260
_a
N. Delhi
_b
Pearson
_c
2013
300
_a
608
942
_2
ddc
_c
BK
999
_c
5796
_d
5796